Using Prince2 (Record no. 103209)
[ view plain ]
| 000 -LEADER | |
|---|---|
| fixed length control field | 01070cam a2200217 4500 |
| 001 - CONTROL NUMBER | |
| control field | L124343 |
| 008 - FIXED-LENGTH DATA ELEMENTS--GENERAL INFORMATION | |
| fixed length control field | 031117n2003 000 0 eng u |
| 020 ## - INTERNATIONAL STANDARD BOOK NUMBER | |
| International Standard Book Number | 1900391112 |
| 035 ## - SYSTEM CONTROL NUMBER | |
| System control number | (Sirsi) u124343 |
| 041 ## - LANGUAGE CODE | |
| Language code of text/sound track or separate title | eng |
| 050 ## - LIBRARY OF CONGRESS CALL NUMBER | |
| Classification number | 658.404 |
| -- | 18 |
| 100 ## - MAIN ENTRY--PERSONAL NAME | |
| Personal name | Bradley, P. |
| 245 ## - TITLE STATEMENT | |
| Title | Using Prince2 |
| Remainder of title | the project manager's guide |
| 260 ## - PUBLICATION, DISTRIBUTION, ETC. | |
| Place of publication, distribution, etc. | Hook |
| Name of publisher, distributor, etc. | Project Manager Today |
| Date of publication, distribution, etc. | 2003 |
| 300 ## - PHYSICAL DESCRIPTION | |
| Extent | xii, 216p. |
| Dimensions | 24cm. |
| 350 ## - PRICE (NR) (BK AM CF MU VM SE) [OBSOLETE] | |
| Price | 25 |
| 520 ## - SUMMARY, ETC. | |
| Summary, etc. | This text provides a practical approach to getting project work done using PRINCE2. Written from the perspective of the project manager, it provides guidance throughout the project; what to do and when to do it, and importantly, provides ideas about how to get it done. Questions to ask when you are checking on progress; how you should structure project meetings to make them more effective. What information should you provide to senior managers about your project. Outlines advantages of using PRINCE2. Glossary. |
| 650 ## - SUBJECT ADDED ENTRY--TOPICAL TERM | |
| Topical term or geographic name entry element | PROJECTS IN CONTROLLED ENVIRONMENTS |
| 690 ## - LOCAL SUBJECT ADDED ENTRY--TOPICAL TERM (OCLC, RLIN) | |
| Topical term or geographic name as entry element | Project management |
| 9 (RLIN) | 6261 |
| 942 ## - ADDED ENTRY ELEMENTS (KOHA) | |
| Suppress in OPAC | 0 |
| Withdrawn status | Lost status | Source of classification or shelving scheme | Damaged status | Not for loan | Home library | Current library | Shelving location | Date acquired | Cost, normal purchase price | Total Checkouts | Full call number | Barcode | Date last seen | Date last checked out | Copy number | Cost, replacement price | Price effective from | Koha item type |
|---|---|---|---|---|---|---|---|---|---|---|---|---|---|---|---|---|---|---|
| Other/Generic Classification Scheme | London | London | Books | 05/01/2004 | 25.00 | 29 | 658.404 BRA | 30068938 | 06/08/2019 | 24/05/2010 | 1 | 25.00 | 06/08/2019 | Book |